书目信息 |
| 题名: |
物理化学
|
|
| 作者: | 天津大学物理化学教研室 编 | |
| 分册: | 上 | |
| 出版信息: | 北京 高等教育出版社 2001.12 |
|
| 页数: | 318页 | |
| 开本: | 23cm | |
| 丛书名: | ||
| 单 册: | ||
| 中图分类: | O64 | |
| 科图分类: | ||
| 主题词: | 物理化学 , 量子化学 | |
| 电子资源: | ||
| ISBN: | 7-04-010161-0 | |
| 000 | 00823nam0 2200253 45 | |
| 001 | 0258555875 | |
| 005 | 20121018154747.31 | |
| 010 | @a7-04-010161-0@dCNY20.00 | |
| 100 | @a20020610d2001 km y0chiy0120 ea | |
| 101 | 0 | @achi |
| 102 | @aCN@b110000 | |
| 200 | 1 | @a物理化学@Awu li hua xue@h上@f天津大学物理化学教研室编@Ftian jin da xue wu li hua xue jiao yan shi bian |
| 205 | @a4版 | |
| 210 | @a北京@c高等教育出版社@d2001.12 | |
| 215 | @a318页@d23cm | |
| 225 | 2 | @f王正烈,周亚平修订 |
| 300 | @a面向21世纪课程教材 | |
| 461 | 0 | @1701 0@a王正烈@Awang zheng lie@1701 0@a周亚平修订@Azhou ya ping xiu ding |
| 606 | 0 | @a物理化学 |
| 606 | 0 | @a量子化学 |
| 690 | @aO64@v3 | |
| 701 | 0 | @a天津大学物理化学教研室@Atian jin da xue wu li hua xue jiao yan shi@4编 |
| 801 | 0 | @aCN@bPFT@c20110609 |
| 905 | @a安徽大学@dO64@eT492:1=4 | |
| 物理化学.上/天津大学物理化学教研室编.-4版.-北京:高等教育出版社,2001.12 |
| 318页;23cm.-(/王正烈,周亚平修订) |
| 面向21世纪课程教材 |
| ISBN 7-04-010161-0:CNY20.00 |
| ● |
| 相关链接 |
|
|
|
正题名:物理化学
索取号:O64/T492:1=4
 
预约/预借
| 序号 | 登录号 | 条形码 | 馆藏地/架位号 | 状态 | 备注 |
| 1 | 363638 | 203636388 | 自科二线504/504自科库 43排4列2层/ [索取号:O64/T492:1=4] | 在馆 | |
| 2 | 363639 | 203636397 | 自科库401/ [索取号:O64/T492:1=4] | 在馆 | |
| 3 | 363640 | 203636404 | 自科二线504/504自科库 43排4列2层/ [索取号:O64/T492:1=4] | 在馆 | |
| 4 | 463354 | 204633548 | 自科库401/401自科库 94排2列5层/ [索取号:O64/T492:1=4] | 在馆 | |
| 5 | 463355 | 204633557 | 自科二线504/504自科库 20排2列3层/ [索取号:O64/T492:1=4] | 在馆 | |
| 6 | 463356 | 204633566 | 自科库401/401自科库 94排2列5层/ [索取号:O64/T492:1=4] | 在馆 | |
| 7 | 463357 | 204633575 | 自科二线504/504自科库 20排2列1层/ [索取号:O64/T492:1=4] | 在馆 | |
| 8 | 465985 | 204659850 | 自科二线504/504自科库 21排2列2层/ [索取号:O64/T492:1=4] | 在馆 | |
| 9 | 466444 | 204664443 | 自科库401/401自科库 94排2列5层/ [索取号:O64/T492:1=4] | 在馆 | |
| 10 | 466447 | 204664470 | 自科二线504/504自科库 43排4列2层/ [索取号:O64/T492:1=4] | 在馆 | |
| 11 | 489628 | 204896283 | 自科二线504/504自科库 22排1列1层/ [索取号:O64/T492:1=4] | 在馆 | |
| 12 | 489629 | 204896292 | 自科二线504/504自科库 22排1列1层/ [索取号:O64/T492:1=4] | 在馆 |